000 00247nam a2200097Ia 4500
001 1253726
005 20251031150959.0
008 251031s9999 xx 000 0 und d
245 0 _cAYTÜL AKAL
_aX-1 KİTAP PERİSİ
260 _bUÇANBALIK YAYINLARI
999 _c1253726
_d1253726